| 000 | 00692nam a2200229 a 4500 | ||
|---|---|---|---|
| 005 | 20210223124556.0 | ||
| 008 | 991125s1995 mx 000 0 spa u | ||
| 020 | _a9706562958 | ||
| 035 | _aUPN01000116286 | ||
| 049 | _aI | ||
| 050 | 4 |
_aQE363.2 _bF8.78 |
|
| 100 | 1 |
_aFuller, Sue _936873 |
|
| 245 | 1 | 0 |
_aRocas y minerales / _cSue Fuller ; tr. Alejandro Estallo Pejaire. |
| 260 |
_aMéxico : _bAutrey : _bCNCA, Dirección General de Publicaciones : _bAutrey, _c1995. |
||
| 300 |
_a160 p. : _bil. col. |
||
| 440 | 0 |
_aMiniguía ; _v16 |
|
| 500 | _a"Un minilibro lleno de información" | ||
| 650 | 4 |
_aMINERALES _918133 |
|
| 650 | 4 |
_aMINERALOGIA _923169 |
|
| 650 | 4 | _aROCAS | |
| 905 | _aInfantil | ||
| 999 |
_c89037 _d89037 |
||